PHP, MYSQL, and Apache / (Record no. 5816)
[ view plain ]
| 000 -LEADER | |
|---|---|
| fixed length control field | 01410nac a22002771u 4500 |
| 008 - FIXED-LENGTH DATA ELEMENTS--GENERAL INFORMATION | |
| fixed length control field | 080803t xxu||||| |||| 00| 0 eng d |
| 010 ## - LIBRARY OF CONGRESS CONTROL NUMBER | |
| LC control number | 2005934929 |
| 020 ## - INTERNATIONAL STANDARD BOOK NUMBER | |
| International Standard Book Number | 0672328739 |
| 082 00 - DEWEY DECIMAL CLASSIFICATION NUMBER | |
| Classification number | 005.133 |
| Item number | MEL |
| 100 ## - MAIN ENTRY--PERSONAL NAME | |
| Personal name | Meloni, Julie C. |
| 9 (RLIN) | 10109 |
| 245 10 - TITLE STATEMENT | |
| Title | PHP, MYSQL, and Apache / |
| Statement of responsibility, etc | Julie Meloni. |
| 250 ## - EDITION STATEMENT | |
| Edition statement | 3rd ed. |
| 260 ## - PUBLICATION, DISTRIBUTION, ETC. (IMPRINT) | |
| Place of publication, distribution, etc | Indianapolis, Ind. : |
| Name of publisher, distributor, etc | Sams,2007 |
| Date of publication, distribution, etc | c2007. |
| 300 ## - PHYSICAL DESCRIPTION | |
| Extent | xix, 601 p. : |
| Other physical details | ill. ; |
| Dimensions | 24 cm. + |
| Accompanying material | 1 CD-ROM (4 3/4 in.) |
| 490 0# - Series Statement | |
| Series statement | Sams teach yourself all in one |
| 500 ## - GENERAL NOTE | |
| General note | Includes index. |
| 500 ## - GENERAL NOTE | |
| General note | distributer: Al-Ahram |
| 511 ## - PARTICIPANT OR PERFORMER NOTE | |
| Participant or performer note | catalogued by: wessam. |
| 650 #0 - SUBJECT ADDED ENTRY--TOPICAL TERM | |
| Topical term or geographic name as entry element | Web site development. |
| 9 (RLIN) | 10110 |
| 650 #0 - SUBJECT ADDED ENTRY--TOPICAL TERM | |
| Topical term or geographic name as entry element | PHP (Computer program language) |
| 9 (RLIN) | 10111 |
| 942 ## - ADDED ENTRY ELEMENTS (KOHA) | |
| Item type | Book - Borrowing |
| Call number prefix | 005.133MEL |
| Source of classification or shelving scheme | Dewey Decimal Classification |
| Withdrawn status | Item status | Source of classification or shelving scheme | Damaged status | Not for loan | Vendor | Home library | Current library | Shelving location | Date acquired | Source of acquisition | Total Checkouts | Total Renewals | Full call number | Barcode | Date last seen | Date last borrowed | Koha item type | Cost, replacement price |
|---|---|---|---|---|---|---|---|---|---|---|---|---|---|---|---|---|---|---|
| Dewey Decimal Classification | Central Library | Central Library | Lower Floor | 06/11/2007 | 6 | 13 | 005.133 MEL | 000007385 | 15/07/2025 | 05/11/2014 | Book - Borrowing | |||||||
| Dewey Decimal Classification | Central Library | Central Library | Lower Floor | 03/08/2008 | 7 | 14 | 005.133 MEL | 000013471 | 15/07/2025 | 24/09/2014 | Book - Borrowing | 2008.00 | ||||||
| Dewey Decimal Classification | Central Library | Central Library | Lower Floor | 04/07/2011 | 005.133 MEL | 000007976 | 24/08/2022 | CD | DVD - With book | ||||||||||
| Dewey Decimal Classification | Central Library | Central Library | Lower Floor | 04/07/2011 | 005.133 MEL | 000013470 | 24/08/2022 | CD | DVD - With book (NB) |